Statistika ekonomicko-statistický časopis

Salvato in:
Dettagli Bibliografici
Natura: Periodico
Lingua:ceco
Pubblicazione: Praha Český statistický úřad 2005
Soggetti:
Tags: Aggiungi Tag
Nessun Tag, puoi essere il primo ad aggiungerne!!

MARC

LEADER 00000nas2a22000001 4500
001 0089748
005 20090119161223.2
022 |a 0322-788X 
041 0 |a cze 
044 |a CZ 
245 1 0 |a Statistika  |b ekonomicko-statistický časopis 
264 1 |a Praha  |b Český statistický úřad  |c 2005 
773 0 |w eu_un_cat*s120025 
610 2 0 |a štatistika